| 000 | 00601nam a2200229Ia 4500 | ||
|---|---|---|---|
| 005 | 20250425162354.0 | ||
| 008 | 250425s9999 xx 000 0 und d | ||
| 020 | _a9780878148233 | ||
| 041 | _aeng | ||
| 082 | _a665.5 | ||
| 100 | _aHYNE, NORMAN J. | ||
| 245 | 0 | _aNONTECHNICAL GUIDE TO PETROLEUM GEOLOGY, EXPLORATION, DRILLIIN, AND PRODUCTION | |
| 250 | _a2ND ED. | ||
| 260 |
_aEstados Unidos _bPENN WELL _c2001 |
||
| 260 | _aTULSA | ||
| 300 | _a598 | ||
| 650 | _aINGENIERIA PETROLERA | ||
| 650 | _aPETROLEO-GEOLOGIA | ||
| 650 | _aPETROLEO-PROSPECCION | ||
| 942 | _c01 | ||
| 010 | _a66754 | ||
| 999 |
_c227886 _d227886 |
||